[Event "Olimpiada de Khanty-Mansiysk 2010"]
[Site "Khanty-Mansiysk RUS"]
[Date "2010.10.03"]
[Round "11"]
[White "Vasquez Schroeder, Rodrig"]
[Black "Iordachescu, Viorel"]
[Result "0-1"]
[WhiteElo "2521"]
[BlackElo "2632"]
[PlyCount "176"]
[EventDate "2010.09.21"]
[EventType "team"]
[EventRounds "11"]
[EventCountry "RUS"]
[Source "lmi"]
[SourceDate "2010.09.21"]
[WhiteTeam "Chile"]
[BlackTeam "Moldavia"]
[WhiteTeamCountry "CHI"]
[BlackTeamCountry "MDA"]

1. d4 Nf6 2. c4 e6 3. Nf3 b6 4. a3 Ba6 5. Qc2 c5 6. d5 exd5 7. cxd5 g6 8. Nc3
Bg7 9. g3 O-O 10. Bg2 d6 11. O-O Re8 12. Re1 b5 13. Bf4 Nh5 14. Bg5 Qb6 15. e4
Nd7 16. Be3 Rac8 17. Bf1 Qb7 18. g4 Nhf6 19. h3 Nb8 20. Bf4 b4 21. Bxa6 Nxa6
22. Nd1 c4 23. Re3 Nc5 24. Nd2 Nd3 25. Rxd3 cxd3 26. Qxd3 h5 27. gxh5 Nxh5 28.
Bxd6 Be5 29. Bxb4 Nf4 30. Qf3 Qd7 31. Bc3 Nxh3+ 32. Kf1 Ng5 33. Qe3 Bxc3 34.
Nxc3 Qg4 35. f3 Qh5 36. Ke2 f5 37. Kd3 Nxf3 38. Qxf3 fxe4+ 39. Ncxe4 Qxd5+ 40.
Ke2 Rcd8 41. Rd1 Qb5+ 42. Ke1 Qxb2 43. Qg4 Kg7 44. Kf1 Qxa3 45. Rb1 Qd3+ 46.
Kg2 Re7 47. Qg5 Rf7 48. Re1 Rd5 49. Qg4 Rdf5 50. Qg3 Qxg3+ 51. Kxg3 a5 52. Ra1
Ra7 53. Ra4 Rb5 54. Kf4 Kh6 55. Ke3 g5 56. Ra1 a4 57. Nc3 Rb4 58. Nd5 Rh4 59.
Nf3 Rh3 60. Ke4 a3 61. Ne5 Rh4+ 62. Kf5 Ra5 63. Ne3 Rf4+ 64. Ke6 Ra6+ 65. Kd5
a2 66. Nd3 Ra5+ 67. Kc6 Rf6+ 68. Kb7 Kg6 69. Nc4 Ra4 70. Nb6 Ra3 71. Ne5+ Kg7
72. Nec4 Rf7+ 73. Kb8 Ra6 74. Nd5 Re6 75. Nc7 Ree7 76. Nd6 Rf8+ 77. Kb7 Rf2 78.
Kb6 Kg6 79. Ncb5 g4 80. Nc3 Rc2 81. Ndb5 Re6+ 82. Kb7 Re5 83. Kb6 Rb2 84. Kc6
g3 85. Nd4 g2 86. Rg1 Kh5 87. Kd6 Ra5 88. Ra1 Rd2 0-1

[Event "Olimpiada de Khanty-Mansiysk 2010"]
[Site "Khanty-Mansiysk RUS"]
[Date "2010.10.03"]
[Round "11"]
[White "Hamitevici, Vladimir"]
[Black "Campos Moreno, Javier B"]
[Result "0-1"]
[WhiteElo "2415"]
[BlackElo "2484"]
[PlyCount "72"]
[EventDate "2010.09.21"]
[EventType "team"]
[EventRounds "11"]
[EventCountry "RUS"]
[Source "lmi"]
[SourceDate "2010.09.21"]
[WhiteTeam "Moldavia"]
[BlackTeam "Chile"]
[WhiteTeamCountry "MDA"]
[BlackTeamCountry "CHI"]

1. d4 Nf6 2. c4 e6 3. Nf3 Bb4+ 4. Nbd2 O-O 5. a3 Be7 6. e4 d6 7. Qc2 Nbd7 8. g3
e5 9. Bg2 exd4 10. Nxd4 Re8 11. O-O a5 12. b3 Bf8 13. Bb2 c6 14. h3 g6 15. Bc3
Bg7 16. b4 axb4 17. axb4 Rxa1 18. Rxa1 Qe7 19. N4b3 h5 20. Ra7 h4 21. g4 g5 22.
Nd4 Ne5 23. Nf5 Bxf5 24. exf5 d5 25. c5 Qc7 26. Bxe5 Qxe5 27. Rxb7 Qe1+ 28. Nf1
Re2 29. Qxe2 Qxe2 30. b5 Ne4 31. Bxe4 Bd4 32. Ne3 Bxe3 33. fxe3 Qxe3+ 34. Kf1
dxe4 35. bxc6 Qxh3+ 36. Ke1 Qe3+ 0-1

[Event "Olimpiada de Khanty-Mansiysk 2010"]
[Site "Khanty-Mansiysk RUS"]
[Date "2010.10.03"]
[Round "11"]
[White "Lopez Silva, Hugo"]
[Black "Svetushkin, Dmitry"]
[Result "0-1"]
[WhiteElo "2413"]
[BlackElo "2552"]
[PlyCount "54"]
[EventDate "2010.09.21"]
[EventType "team"]
[EventRounds "11"]
[EventCountry "RUS"]
[Source "lmi"]
[SourceDate "2010.09.21"]
[WhiteTeam "Chile"]
[BlackTeam "Moldavia"]
[WhiteTeamCountry "CHI"]
[BlackTeamCountry "MDA"]

1. e4 c6 2. d4 d5 3. exd5 cxd5 4. c4 Nf6 5. Nc3 e6 6. c5 Be7 7. Nf3 O-O 8. Rb1
Ne4 9. Qc2 f5 10. b4 Bf6 11. Bd3 Nc6 12. Ne2 a5 13. b5 Nb4 14. Qb3 Bxd4 15.
Bxe4 Bxf2+ 16. Kxf2 fxe4 17. Rd1 e5 18. Kg1 exf3 19. gxf3 Qf6 20. a3 Bf5 21.
axb4 Qg6+ 22. Kh1 Bxb1 23. bxa5 Be4 24. fxe4 Qxe4+ 25. Kg1 Qxe2 26. Qxd5+ Kh8
27. a6 h6 0-1

[Event "Olimpiada de Khanty-Mansiysk 2010"]
[Site "Khanty-Mansiysk RUS"]
[Date "2010.10.03"]
[Round "11"]
[White "Flores, Diego"]
[Black "Cuartas Medina, Jaime Ale"]
[Result "1/2-1/2"]
[WhiteElo "2615"]
[BlackElo "2526"]
[PlyCount "43"]
[EventDate "2010.09.21"]
[EventType "team"]
[EventRounds "11"]
[EventCountry "RUS"]
[Source "lmi"]
[SourceDate "2010.09.21"]
[WhiteTeam "Argentina"]
[BlackTeam "Colombia"]
[WhiteTeamCountry "ARG"]
[BlackTeamCountry "COL"]

1. d4 d5 2. c4 c6 3. Nf3 Nf6 4. Nc3 e6 5. g3 Nbd7 6. Bg2 dxc4 7. a4 Be7 8. O-O
O-O 9. Nd2 e5 10. Nxc4 exd4 11. Qxd4 Nc5 12. Qxd8 Rxd8 13. b4 Nb3 14. Rb1 Be6
15. Na5 Bxb4 16. Nxb3 Bxc3 17. Nc5 Bd5 18. Nxb7 Re8 19. Bb2 Bxg2 20. Kxg2 Nd5
21. Rfc1 Bb4 22. Rxc6 1/2-1/2

[Event "Olimpiada de Khanty-Mansiysk 2010"]
[Site "Khanty-Mansiysk RUS"]
[Date "2010.10.03"]
[Round "11"]
[White "Escobar Forero, Alder"]
[Black "Felgaer, Ruben"]
[Result "0-1"]
[WhiteElo "2454"]
[BlackElo "2597"]
[PlyCount "82"]
[EventDate "2010.09.21"]
[EventType "team"]
[EventRounds "11"]
[EventCountry "RUS"]
[Source "lmi"]
[SourceDate "2010.09.21"]
[WhiteTeam "Colombia"]
[BlackTeam "Argentina"]
[WhiteTeamCountry "COL"]
[BlackTeamCountry "ARG"]

1. e4 c5 2. Nf3 e6 3. d4 cxd4 4. Nxd4 a6 5. Bd3 Bc5 6. Nb3 Ba7 7. Qe2 Nc6 8.
Be3 d6 9. N1d2 Nf6 10. f4 Bxe3 11. Qxe3 e5 12. f5 O-O 13. Rg1 d5 14. g4 Nb4 15.
Nc1 Bd7 16. c3 dxe4 17. Bxe4 Nbd5 18. Qf3 Qb6 19. Rg3 Nxe4 20. Qxe4 Bc6 21. Nc4
Qc7 22. Qc2 Rad8 23. a4 Nf4 24. b3 Rd7 25. Ra2 Rfd8 26. Ne3 Qb6 27. g5 Ng2+ 28.
Ke2 Nxe3 29. Rxe3 Rd1 30. a5 Re1+ 31. Kxe1 Qxe3+ 32. Ne2 Qxg5 33. Ng3 Qe3+ 34.
Kf1 Qf3+ 35. Ke1 h5 36. Nf1 Be4 37. Qc1 Bxf5 38. Rf2 Qe4+ 39. Re2 Qh4+ 40. Ng3
Bg4 41. Rd2 Re8 0-1

[Event "Olimpiada de Khanty-Mansiysk 2010"]
[Site "Khanty-Mansiysk RUS"]
[Date "2010.10.03"]
[Round "11"]
[White "Peralta, Fernando"]
[Black "Barrientos, Sergio E"]
[Result "1/2-1/2"]
[WhiteElo "2572"]
[BlackElo "2464"]
[PlyCount "61"]
[EventDate "2010.09.21"]
[EventType "team"]
[EventRounds "11"]
[EventCountry "RUS"]
[Source "lmi"]
[SourceDate "2010.09.21"]
[WhiteTeam "Argentina"]
[BlackTeam "Colombia"]
[WhiteTeamCountry "ARG"]
[BlackTeamCountry "COL"]

1. d4 Nf6 2. c4 e6 3. Nc3 Bb4 4. e3 O-O 5. Bd3 c5 6. Nf3 b6 7. d5 Bb7 8. e4 b5
9. O-O bxc4 10. Bxc4 Bxc3 11. bxc3 Nxe4 12. Qd3 Nf6 13. Bg5 exd5 14. Bxd5 Bxd5
15. Bxf6 Qxf6 16. Qxd5 Na6 17. Ne5 Rfd8 18. Rad1 d6 19. Nc6 Nc7 20. Qb3 Rd7 21.
Qb7 d5 22. Nb8 Rd8 23. Qxc7 Raxb8 24. Rxd5 Rxd5 25. Qxb8+ Rd8 26. Qc7 Qb6 27.
Qxb6 axb6 28. Rb1 Kf8 29. Kf1 Rd6 30. a4 Ke7 31. Rb5 1/2-1/2

[Event "Olimpiada de Khanty-Mansiysk 2010"]
[Site "Khanty-Mansiysk RUS"]
[Date "2010.10.03"]
[Round "11"]
[White "Arenas, David"]
[Black "Lafuente, Pablo"]
[Result "0-1"]
[WhiteElo "2457"]
[BlackElo "2565"]
[PlyCount "58"]
[EventDate "2010.09.21"]
[EventType "team"]
[EventRounds "11"]
[EventCountry "RUS"]
[Source "lmi"]
[SourceDate "2010.09.21"]
[WhiteTeam "Colombia"]
[BlackTeam "Argentina"]
[WhiteTeamCountry "COL"]
[BlackTeamCountry "ARG"]

1. e4 e5 2. Nf3 Nc6 3. Bb5 a6 4. Bxc6 dxc6 5. O-O Qf6 6. d4 exd4 7. Nxd4 Bd7 8.
c3 O-O-O 9. Qh5 Qg6 10. Qxg6 hxg6 11. Nf3 f6 12. h3 g5 13. Be3 Nh6 14. Nh2 Nf7
15. Nd2 Ne5 16. Rad1 Bd6 17. f3 Nd3 18. b3 Bxh3 19. e5 Bxe5 20. gxh3 Rxh3 21.
f4 Rg3+ 22. Kh1 Rxe3 23. fxe5 Nb2 24. exf6 gxf6 25. Rb1 Rxd2 26. Nf3 Rd1 27.
Nd4 Rxb1 28. Rxb1 Nd3 29. Nf5 Re1+ 0-1

[Event "Olimpiada de Khanty-Mansiysk 2010"]
[Site "Khanty-Mansiysk RUS"]
[Date "2010.10.03"]
[Round "11"]
[White "Amin, Bassem"]
[Black "Cordova, Emilio"]
[Result "1/2-1/2"]
[WhiteElo "2578"]
[BlackElo "2539"]
[PlyCount "97"]
[EventDate "2010.09.21"]
[EventType "team"]
[EventRounds "11"]
[EventCountry "RUS"]
[Source "lmi"]
[SourceDate "2010.09.21"]
[WhiteTeam "Egipto"]
[BlackTeam "Perú"]
[WhiteTeamCountry "EGY"]
[BlackTeamCountry "PER"]

1. e4 c5 2. Nf3 e6 3. d3 Nc6 4. g3 g6 5. Bg2 Bg7 6. O-O Nge7 7. c3 d5 8. Re1
dxe4 9. dxe4 Qxd1 10. Rxd1 b6 11. Na3 Ba6 12. Bf1 Bxf1 13. Kxf1 O-O 14. Be3 h6
15. Nc4 f5 16. a4 Rad8 17. Ke2 g5 18. Rxd8 Rxd8 19. h4 fxe4 20. Nfd2 gxh4 21.
gxh4 Nf5 22. Nxe4 Nce7 23. a5 b5 24. Na3 Nxe3 25. fxe3 b4 26. Nb5 bxc3 27. bxc3
Rb8 28. Rb1 c4 29. Ned6 Nd5 30. e4 Nc7 31. h5 Nxb5 32. Rxb5 Rxb5 33. Nxb5 a6
34. Kd2 Be5 35. Na3 Bf4+ 36. Ke2 Be5 37. Kd2 Bf4+ 38. Kd1 Kf7 39. Nxc4 Kf6 40.
Ke2 Kg5 41. Nd2 Kxh5 42. Nb3 Kg4 43. c4 Bc7 44. Nc5 Bxa5 45. Nxe6 h5 46. c5 h4
47. Kf2 h3 48. Kg1 Kf3 49. c6 1/2-1/2

[Event "Olimpiada de Khanty-Mansiysk 2010"]
[Site "Khanty-Mansiysk RUS"]
[Date "2010.10.03"]
[Round "11"]
[White "Cori, Jorge"]
[Black "Shoker, Samy"]
[Result "1-0"]
[WhiteElo "2496"]
[BlackElo "2458"]
[PlyCount "141"]
[EventDate "2010.09.21"]
[EventType "team"]
[EventRounds "11"]
[EventCountry "RUS"]
[Source "lmi"]
[SourceDate "2010.09.21"]
[WhiteTeam "Perú"]
[BlackTeam "Egipto"]
[WhiteTeamCountry "PER"]
[BlackTeamCountry "EGY"]

1. d4 g6 2. g3 Bg7 3. Bg2 d6 4. e4 Nf6 5. Ne2 c5 6. c3 O-O 7. O-O Nc6 8. h3 Qb6
9. Na3 cxd4 10. cxd4 Nd7 11. Nc4 Qa6 12. b3 b5 13. Ne3 Bb7 14. Bb2 Rac8 15. Qd2
Qa5 16. Bc3 b4 17. Bb2 Ba6 18. Rfd1 Rfe8 19. f4 e5 20. fxe5 dxe5 21. d5 Nd8 22.
Kh2 Bh6 23. Ng1 Qc5 24. Re1 Qb6 25. Qf2 Nc5 26. Ng4 Bg7 27. Bf1 h5 28. Bxa6
Qxa6 29. Ne3 Nxe4 30. Qe2 Qxe2+ 31. Rxe2 Nc3 32. Bxc3 Rxc3 33. Rd1 e4 34. d6
Rd3 35. h4 Bd4 36. Rde1 Be5 37. Nh3 Bxd6 38. Nf2 Rc3 39. Nd5 Rxg3 40. Nf6+ Kf8
41. Nxe8 Bb8 42. Nxe4 Rg4+ 43. Kh1 Rxh4+ 44. Kg1 Ne6 45. N8f6 Kg7 46. Nd5 Be5
47. Nf2 Bh2+ 48. Kf1 Ng5 49. Re3 a5 50. Kg2 Bd6 51. Rh1 Rd4 52. Rd3 Rxd3 53.
Nxd3 f5 54. N3f4 Ne4 55. Kf3 Kf7 56. Rg1 g5 57. Nxh5 g4+ 58. Rxg4 Nd2+ 59. Ke2
fxg4 60. Kxd2 Kg6 61. Nhf4+ Kg5 62. Ng2 Bc5 63. Kd3 Kf5 64. Nde3+ Kg5 65. Nc4
g3 66. Ke4 Kg4 67. Nxa5 Kh3 68. Kf3 Kh2 69. Nc4 Be7 70. Nce3 Bd6 71. Nf4 1-0

[Event "Olimpiada de Khanty-Mansiysk 2010"]
[Site "Khanty-Mansiysk RUS"]
[Date "2010.10.03"]
[Round "11"]
[White "Ezat, Mohamed"]
[Black "Pacheco, Marco"]
[Result "1/2-1/2"]
[WhiteElo "2448"]
[BlackElo "2392"]
[PlyCount "116"]
[EventDate "2010.09.21"]
[EventType "team"]
[EventRounds "11"]
[EventCountry "RUS"]
[Source "lmi"]
[SourceDate "2010.09.21"]
[WhiteTeam "Egipto"]
[BlackTeam "Perú"]
[WhiteTeamCountry "EGY"]
[BlackTeamCountry "PER"]

1. d4 Nf6 2. c4 e6 3. Nc3 Bb4 4. e3 c5 5. a3 Bxc3+ 6. bxc3 Nc6 7. Bd3 b6 8. Ne2
O-O 9. e4 Ne8 10. O-O Ba6 11. f4 f5 12. exf5 exf5 13. dxc5 bxc5 14. Ng3 g6 15.
Be3 Qa5 16. Be2 Nf6 17. Qd6 Rf7 18. Qxc5 Qxc5 19. Bxc5 Na5 20. Bb4 Nxc4 21. Bc5
d5 22. Rfd1 Rc8 23. Bd4 Ne4 24. Nxe4 dxe4 25. Rab1 Rd7 26. Rb4 Rc6 27. Rb8+ Kf7
28. Rh8 Ke6 29. Re8+ Re7 30. Rxe7+ Kxe7 31. Rc1 Nb2 32. c4 Nd3 33. Bxd3 exd3
34. c5 Ke6 35. Kf2 Kd5 36. Ke3 g5 37. Be5 gxf4+ 38. Kxf4 Re6 39. Re1 Bc8 40.
Bc3 Rxe1 41. Bxe1 Kxc5 42. Ke3 Kc4 43. Bb4 h5 44. h4 Bb7 45. g3 Bc6 46. Kd2 Bb5
47. Bd6 Kd4 48. Bf4 a6 49. Bb8 Kc4 50. Bd6 Kd5 51. Bc7 Ke4 52. Bd6 Kf3 53. Bf4
a5 54. Bd6 a4 55. Bf4 Ba6 56. Bd6 Bb5 57. Bf4 Ba6 58. Bd6 Bb5 1/2-1/2

[Event "Olimpiada de Khanty-Mansiysk 2010"]
[Site "Khanty-Mansiysk RUS"]
[Date "2010.10.03"]
[Round "11"]
[White "Kazhgaleyev, Murtas"]
[Black "Michiels, Bart"]
[Result "1/2-1/2"]
[WhiteElo "2620"]
[BlackElo "2459"]
[PlyCount "132"]
[EventDate "2010.09.21"]
[EventType "team"]
[EventRounds "11"]
[EventCountry "RUS"]
[Source "lmi"]
[SourceDate "2010.09.21"]
[WhiteTeam "Kazajstán"]
[BlackTeam "Bélgica"]
[WhiteTeamCountry "KAZ"]
[BlackTeamCountry "BEL"]

1. d4 d5 2. c4 c6 3. Nc3 Nf6 4. cxd5 cxd5 5. Bf4 Nc6 6. Nf3 a6 7. Ne5 e6 8. e3
Nxe5 9. Bxe5 Bd7 10. Bd3 Bc6 11. O-O Be7 12. f4 g6 13. g4 O-O 14. f5 Nd7 15.
Bf4 Bf6 16. Bh6 Bg7 17. Bxg7 Kxg7 18. Qf3 Qh4 19. Qg2 Rae8 20. g5 h6 21. gxh6+
Qxh6 22. Rf3 Rh8 23. fxg6 f5 24. Ne2 Nf6 25. Nf4 Nh5 26. Nxh5+ Qxh5 27. Rg3 Rh6
28. Be2 Qh4 29. Rf1 Reh8 30. Rf2 Rc8 31. Rf4 Qe7 32. Rf1 Bb5 33. Bxb5 axb5 34.
Qe2 Rc4 35. Rg2 Qc7 36. Kh1 b4 37. Rfg1 Rh3 38. Qd2 Rh4 39. e4 Rxe4 40. Qg5
Rcxd4 41. Rc2 Rc4 42. Rxc4 dxc4 43. Qh5 Qc6 44. Qh7+ Kf6 45. Qf7+ Ke5 46. Qg7+
Kd5 47. Rg3 Kc5 48. Kg1 Qd5 49. Qc7+ Kb5 50. Rf3 Rg4+ 51. Rg3 Re4 52. Rf3 Rg4+
53. Rg3 Qd4+ 54. Kg2 Qe4+ 55. Kg1 Qb1+ 56. Kg2 Qe4+ 57. Kg1 Qb1+ 58. Kg2 Qe4+
59. Kg1 Qe3+ 60. Kg2 Qd2+ 61. Kg1 Qe1+ 62. Kg2 Qd2+ 63. Kg1 Qc1+ 64. Kg2 Qd2+
65. Kg1 Qd4+ 66. Kg2 Qe4+ 1/2-1/2

[Event "Olimpiada de Khanty-Mansiysk 2010"]
[Site "Khanty-Mansiysk RUS"]
[Date "2010.10.03"]
[Round "11"]
[White "Saibulatov, Daniyal"]
[Black "Jumabayev, Rinat"]
[Result "0-1"]
[WhiteElo "2400"]
[BlackElo "2547"]
[PlyCount "68"]
[EventDate "2010.09.21"]
[EventType "team"]
[EventRounds "11"]
[EventCountry "RUS"]
[Source "lmi"]
[SourceDate "2010.09.21"]
[WhiteTeam "Bélgica"]
[BlackTeam "Kazajstán"]
[WhiteTeamCountry "BEL"]
[BlackTeamCountry "KAZ"]

1. e4 c6 2. c4 d5 3. cxd5 cxd5 4. exd5 Nf6 5. Nc3 Nxd5 6. Nf3 e6 7. d4 Nc6 8.
Bd3 Bb4 9. Bd2 O-O 10. O-O Be7 11. a3 Nf6 12. Ne4 Nxd4 13. Bc3 Nf5 14. Qc2 Nd5
15. Rad1 Bd7 16. g4 Nh4 17. Nxh4 Bxh4 18. Nc5 Bc6 19. Bxh7+ Kh8 20. f4 Qe7 21.
Bd4 f5 22. Bg6 fxg4 23. Nd3 e5 24. Bxe5 Rad8 25. Qe2 Nxf4 26. Nxf4 Rxd1 27.
Rxd1 Rxf4 28. Rd6 Rf2 29. Qxf2 Bxf2+ 30. Kxf2 Be8 31. Bf4 Bxg6 32. Rxg6 Qe4 33.
Rxg4 g5 34. Be5+ Qxe5 0-1

[Event "Olimpiada de Khanty-Mansiysk 2010"]
[Site "Khanty-Mansiysk RUS"]
[Date "2010.10.03"]
[Round "11"]
[White "Kuderinov, Kirill"]
[Black "Polaczek, Richard"]
[Result "1-0"]
[WhiteElo "2481"]
[BlackElo "2385"]
[PlyCount "89"]
[EventDate "2010.09.21"]
[EventType "team"]
[EventRounds "11"]
[EventCountry "RUS"]
[Source "lmi"]
[SourceDate "2010.09.21"]
[WhiteTeam "Kazajstán"]
[BlackTeam "Bélgica"]
[WhiteTeamCountry "KAZ"]
[BlackTeamCountry "BEL"]

1. e4 Nf6 2. e5 Nd5 3. Nf3 d6 4. d4 g6 5. c4 Nb6 6. Nc3 Bg7 7. exd6 cxd6 8. h3
O-O 9. Be2 Nc6 10. O-O Bf5 11. d5 Na5 12. Nd4 Naxc4 13. Nxf5 gxf5 14. a4 Rc8
15. a5 Nd7 16. Ra4 Nce5 17. a6 bxa6 18. Rf4 e6 19. dxe6 fxe6 20. Qxd6 Nc5 21.
Qd1 Qxd1 22. Rxd1 Bh6 23. Rh4 Bxc1 24. Rxc1 Ncd3 25. Rc2 Rfd8 26. Ra4 a5 27.
Bxd3 Nxd3 28. Rxa5 Rd7 29. Rd2 Rcd8 30. Ra6 e5 31. Ra5 Kf7 32. Nb5 e4 33. Nc3
Ke6 34. g4 fxg4 35. Nxe4 gxh3 36. Kh2 Ke7 37. Re2 Kf7 38. Re3 Kg7 39. Ng5 Kh8
40. Rf5 Rd5 41. Nf7+ Kg7 42. Rg3+ Kf8 43. Rff3 Ne1 44. Nxd8+ Nxf3+ 45. Rxf3+
1-0

[Event "Olimpiada de Khanty-Mansiysk 2010"]
[Site "Khanty-Mansiysk RUS"]
[Date "2010.10.03"]
[Round "11"]
[White "Vandenbussche, Thibaut"]
[Black "Ismagambetov, Anuar"]
[Result "0-1"]
[WhiteElo "2333"]
[BlackElo "2492"]
[PlyCount "82"]
[EventDate "2010.09.21"]
[EventType "team"]
[EventRounds "11"]
[EventCountry "RUS"]
[Source "lmi"]
[SourceDate "2010.09.21"]
[WhiteTeam "Bélgica"]
[BlackTeam "Kazajstán"]
[WhiteTeamCountry "BEL"]
[BlackTeamCountry "KAZ"]

1. e4 c6 2. d4 d5 3. e5 Bf5 4. h4 h6 5. g4 Bh7 6. Bd3 Bxd3 7. Qxd3 e6 8. Be3
Nd7 9. f4 Ne7 10. h5 c5 11. dxc5 Nc6 12. Nc3 Nxc5 13. Bxc5 Bxc5 14. O-O-O Qa5
15. Kb1 O-O-O 16. Nf3 Kb8 17. a3 Rc8 18. Rhf1 a6 19. Ne2 Qb6 20. Ned4 Na5 21.
f5 Nc4 22. Qb3 Bxd4 23. Rxd4 Qxd4 24. Nxd4 Nd2+ 25. Ka2 Nxb3 26. Kxb3 exf5 27.
gxf5 Rce8 28. Rg1 g5 29. hxg6 fxg6 30. Rxg6 Rxe5 31. Kb4 Re4 32. Kc5 Rf4 33. c3
h5 34. Kb6 Rg4 35. Rd6 Rg7 36. f6 Rc7 37. Ne6 Rc6+ 38. Rxc6 bxc6 39. f7 h4 40.
Ng5 Rf8 41. Kxc6 Rxf7 0-1

[Event "Olimpiada de Khanty-Mansiysk 2010"]
[Site "Khanty-Mansiysk RUS"]
[Date "2010.10.03"]
[Round "11"]
[White "Bluvshtein, Mark"]
[Black "Djukic, Nikola"]
[Result "1-0"]
[WhiteElo "2583"]
[BlackElo "2475"]
[PlyCount "65"]
[EventDate "2010.09.21"]
[EventType "team"]
[EventRounds "11"]
[EventCountry "RUS"]
[Source "lmi"]
[SourceDate "2010.09.21"]
[WhiteTeam "Canadá"]
[BlackTeam "MNE"]
[WhiteTeamCountry "CAN"]

1. d4 Nf6 2. c4 g6 3. Nc3 Bg7 4. e4 d6 5. h3 O-O 6. Bg5 c6 7. Nf3 e5 8. d5 a5
9. Be2 Na6 10. O-O Bd7 11. Nd2 Kh8 12. a3 Qb8 13. f4 exf4 14. Bxf4 Nc5 15. Qe1
Re8 16. e5 Ng8 17. exd6 Nd3 18. Bxd3 Rxe1 19. Raxe1 Qa7+ 20. Kh1 Qb6 21. Nde4
h6 22. Be3 Qd8 23. Rxf7 Qe8 24. Rxg7 Kxg7 25. Bd4+ Kh7 26. Ng5+ hxg5 27. Rxe8
Rxe8 28. Ne4 Kh6 29. Nc5 cxd5 30. Nxd7 dxc4 31. Bxc4 Re4 32. Bc3 Rxc4 33. Ne5
1-0

[Event "Olimpiada de Khanty-Mansiysk 2010"]
[Site "Khanty-Mansiysk RUS"]
[Date "2010.10.03"]
[Round "11"]
[White "Gerzhoy, Leonid"]
[Black "Blagojevic, Dragisa"]
[Result "1/2-1/2"]
[WhiteElo "2485"]
[BlackElo "2481"]
[PlyCount "93"]
[EventDate "2010.09.21"]
[EventType "team"]
[EventRounds "11"]
[EventCountry "RUS"]
[Source "lmi"]
[SourceDate "2010.09.21"]
[WhiteTeam "Canadá"]
[BlackTeam "MNE"]
[WhiteTeamCountry "CAN"]

1. d4 d5 2. c4 e6 3. Nc3 Nf6 4. Nf3 Nbd7 5. Bg5 c6 6. e3 Qa5 7. cxd5 Nxd5 8.
Qd2 Bb4 9. Rc1 h6 10. Bh4 b6 11. a3 Bxc3 12. bxc3 c5 13. Be2 Bb7 14. O-O O-O
15. Qb2 cxd4 16. Nxd4 Nc5 17. c4 Na4 18. Qc2 Nf6 19. f3 Nc5 20. Qb2 Nfd7 21.
Rfd1 Rfc8 22. Nb5 Bc6 23. Be1 Qa6 24. Bb4 Bxb5 25. cxb5 Qb7 26. Qd4 Rc7 27. f4
Rac8 28. Bf3 Qb8 29. Rb1 e5 30. fxe5 Ne6 31. Qe4 Ng5 32. Qd5 Nxf3+ 33. gxf3 Nc5
34. f4 Rd7 35. Qf3 Rcd8 36. Bxc5 bxc5 37. a4 c4 38. Rxd7 Rxd7 39. Rd1 Rxd1+ 40.
Qxd1 Qc7 41. Kf2 c3 42. Qc2 Qc4 43. h4 h5 44. Ke1 Qc5 45. Ke2 Qc4+ 46. Ke1 Qc5
47. Ke2 1/2-1/2

[Event "Olimpiada de Khanty-Mansiysk 2010"]
[Site "Khanty-Mansiysk RUS"]
[Date "2010.10.03"]
[Round "11"]
[White "Saric, Ivan"]
[Black "Samhouri, Ahmad Fawzi"]
[Result "1-0"]
[WhiteElo "2567"]
[BlackElo "2372"]
[PlyCount "73"]
[EventDate "2010.09.21"]
[EventType "team"]
[EventRounds "11"]
[EventCountry "RUS"]
[Source "lmi"]
[SourceDate "2010.09.21"]
[WhiteTeam "Croacia"]
[BlackTeam "Jordania"]
[WhiteTeamCountry "CRO"]
[BlackTeamCountry "JOR"]

1. e4 c5 2. Nf3 d6 3. d4 cxd4 4. Nxd4 Nf6 5. Nc3 a6 6. Be3 e5 7. Nf3 Be7 8. Bc4
Be6 9. Bxe6 fxe6 10. Ng5 Qd7 11. Qf3 Nc6 12. Qh3 O-O 13. Nxe6 Rfc8 14. O-O Nd8
15. Ng5 Qxh3 16. Nxh3 Rxc3 17. bxc3 Nxe4 18. c4 Rc8 19. f4 Bf6 20. Rad1 Rxc4
21. Nf2 Nxf2 22. Rxf2 exf4 23. Rxf4 Rxc2 24. Rxd6 Nc6 25. Rd2 Rc3 26. Re4 h6
27. Rd7 Ra3 28. Rxb7 Rxa2 29. Bxh6 Ne5 30. Be3 Nd3 31. Rb1 a5 32. h4 Bc3 33.
Rd1 Nb2 34. Rd8+ Kh7 35. h5 Bf6 36. Rf8 Nd1 37. Ree8 1-0

[Event "Olimpiada de Khanty-Mansiysk 2010"]
[Site "Khanty-Mansiysk RUS"]
[Date "2010.10.03"]
[Round "11"]
[White "Mansour, Sameer"]
[Black "Palac, Mladen"]
[Result "1-0"]
[WhiteElo "2283"]
[BlackElo "2561"]
[PlyCount "155"]
[EventDate "2010.09.21"]
[EventType "team"]
[EventRounds "11"]
[EventCountry "RUS"]
[Source "lmi"]
[SourceDate "2010.09.21"]
[WhiteTeam "Jordania"]
[BlackTeam "Croacia"]
[WhiteTeamCountry "JOR"]
[BlackTeamCountry "CRO"]

1. c4 e6 2. g3 d5 3. Bg2 dxc4 4. Qa4+ Nd7 5. Qxc4 a6 6. d4 c5 7. dxc5 Bxc5 8.
Nf3 Ngf6 9. O-O b5 10. Qb3 Bb7 11. Nc3 O-O 12. Bf4 Qb6 13. Nd2 Bxg2 14. Kxg2
Be7 15. Nde4 Qb7 16. f3 Nb6 17. Nxf6+ Bxf6 18. Rad1 Rfd8 19. Rxd8+ Rxd8 20. Rd1
Rxd1 21. Qxd1 h6 22. Qd3 Qc6 23. Nd1 a5 24. b3 Nd5 25. Bd2 Nb4 26. Bxb4 axb4
27. Nf2 Be7 28. Qe4 Qa6 29. Qc2 Qa7 30. Nd3 h5 31. Qc8+ Kh7 32. Qe8 Bd6 33. Qc6
Bf8 34. Nxb4 Qe3 35. Qc2+ g6 36. Nd3 b4 37. Kf1 h4 38. gxh4 Qa7 39. h5 gxh5 40.
Nxb4+ Kg8 41. Nd3 Bd6 42. a4 Qd4 43. Qc4 Qa1+ 44. Kg2 Qf6 45. Qc6 Qg7+ 46. Kh1
Qd4 47. Qc1 Kh7 48. Qg5 Qa1+ 49. Kg2 Qd1 50. Qxh5+ Kg7 51. Qg5+ Kh7 52. Qh4+
Kg8 53. Qd8+ Bf8 54. Qg5+ Kh7 55. Qh5+ Kg8 56. f4 Qxb3 57. Ne5 Qb7+ 58. Kg3 Qa7
59. Qxf7+ Qxf7 60. Nxf7 Kxf7 61. a5 Kf6 62. a6 Bc5 63. e4 Ba7 64. Kg4 Kg6 65.
h4 Bb6 66. Kf3 Ba7 67. Ke2 Kh5 68. f5 exf5 69. exf5 Kh6 70. Kd3 Kg7 71. h5 Kf6
72. h6 Bg1 73. Ke4 Bf2 74. Kd5 Kf7 75. Kd6 Bd4 76. Kd5 Bg1 77. Kc6 Kg8 78. f6
1-0

[Event "Olimpiada de Khanty-Mansiysk 2010"]
[Site "Khanty-Mansiysk RUS"]
[Date "2010.10.03"]
[Round "11"]
[White "Jankovic, Alojzije"]
[Black "Samhouri, Bilal"]
[Result "1-0"]
[WhiteElo "2560"]
[BlackElo "2269"]
[PlyCount "77"]
[EventDate "2010.09.21"]
[EventType "team"]
[EventRounds "11"]
[EventCountry "RUS"]
[Source "lmi"]
[SourceDate "2010.09.21"]
[WhiteTeam "Croacia"]
[BlackTeam "Jordania"]
[WhiteTeamCountry "CRO"]
[BlackTeamCountry "JOR"]

1. d4 d5 2. c4 e6 3. Nf3 Nf6 4. Nc3 Bb4 5. cxd5 exd5 6. Bg5 Nbd7 7. e3 c5 8.
Bd3 Qa5 9. Qc2 O-O 10. O-O Bxc3 11. bxc3 c4 12. Bf5 Re8 13. Nd2 g6 14. Bxd7
Nxd7 15. f3 Nb6 16. Rae1 Bd7 17. Bf4 Na4 18. Nb1 Re6 19. e4 Rae8 20. Re3 Bc6
21. Nd2 b5 22. a3 Nb6 23. Qc1 Qa6 24. e5 Bd7 25. Bg5 f5 26. exf6 Rxe3 27. Bxe3
Rxe3 28. Ne4 dxe4 29. Qxe3 Be8 30. Qh6 Qb7 31. fxe4 Qf7 32. Qf4 Qb7 33. d5 Bf7
34. Qh6 Be8 35. e5 Nxd5 36. e6 Nxf6 37. Rxf6 Qe7 38. Qg5 Kh8 39. Rxg6 1-0